Miasta na prawach powiatu - Statystyki

Ogólne statystyki
  • Ten quiz został rozwiązany 91 razy
  • Średni wynik to 58 z 66
Statystyki odpowiedzi
Ludność Województwo Miasto % Poprawnych
658,444 Łódzkie Łódź
100%
330,038 Kujawsko-Pomorskie Bydgoszcz
99%
486,345 Pomorskie Gdańsk
99%
242,874 Pomorskie Gdynia
99%
803,282 Małopolskie Kraków
99%
541,316 Wielkopolskie Poznań
99%
391,566 Zachodniopomorskie Szczecin
99%
195,690 Kujawsko-Pomorskie Toruń
99%
1,861,975 Mazowieckie Warszawa
99%
674,079 Dolnośląskie Wrocław
99%
292,600 Podlaskie Białystok
98%
280,190 Śląskie Katowice
98%
183,885 Świętokrzyskie Kielce
98%
331,243 Lubelskie Lublin
98%
168,212 Warmińsko-Mazurskie Olsztyn
98%
208,282 Śląskie Częstochowa
96%
197,848 Mazowieckie Radom
96%
197,181 Podkarpackie Rzeszów
96%
189,178 Śląskie Sosnowiec
96%
126,458 Opolskie Opole
95%
113,567 Warmińsko-Mazurskie Elbląg
94%
101,914 Śląskie Chorzów
93%
139,278 Lubuskie Zielona Góra
93%
104,239 Zachodniopomorskie Koszalin
91%
32,276 Pomorskie Sopot
91%
103,960 Małopolskie Tarnów
91%
116,436 Lubuskie Gorzów Wielkopolski
90%
67,264 Łódzkie Piotrków Trybunalski
90%
112,483 Mazowieckie Płock
90%
102,102 Kujawsko-Pomorskie Włocławek
90%
155,430 Śląskie Zabrze
90%
171,023 Śląskie Gliwice
89%
56,802 Podkarpackie Przemyśl
89%
166,765 Śląskie Bielsko-Biała
88%
93,040 Dolnośląskie Legnica
88%
149,576 Śląskie Bytom
86%
93,973 Wielkopolskie Kalisz
86%
68,525 Podlaskie Suwałki
86%
123,105 Śląskie Tychy
86%
58,942 Lubelskie Zamość
85%
54,768 Lubelskie Biała Podlaska
84%
89,450 Kujawsko-Pomorskie Grudziądz
84%
68,112 Wielkopolskie Konin
84%
60,128 Podlaskie Łomża
84%
131,532 Śląskie Ruda Śląska
84%
75,623 Mazowieckie Siedlce
84%
86,365 Pomorskie Słupsk
84%
39,368 Zachodniopomorskie Świnoujście
84%
101,857 Dolnośląskie Wałbrzych
84%
75,794 Dolnośląskie Jelenia Góra
83%
44,322 Podkarpackie Krosno
81%
60,642 Wielkopolskie Leszno
81%
80,587 Małopolskie Nowy Sącz
81%
44,156 Podkarpackie Tarnobrzeg
81%
114,765 Śląskie Dąbrowa Górnicza
80%
57,933 Lubelskie Chełm
79%
83,139 Śląskie Jastrzębie-Zdrój
78%
48,712 Mazowieckie Ostrołęka
78%
131,744 Śląskie Rybnik
76%
71,643 Śląskie Mysłowice
75%
45,560 Łódzkie Skierniewice
74%
63,892 Śląskie Siemianowice Śląskie
73%
45,795 Śląskie Świętochłowice
73%
61,817 Śląskie Żory
73%
87,552 Śląskie Jaworzno
71%
52,137 Śląskie Piekary Śląskie
63%
Nie znaleziono quizów pasujących do podanych kryteriów
Rozkład punktacji
Procent ludzi z każdym wynikiem
Percentyl według liczby udzielonych odpowiedzi
Twoja historia wyników
Nie rozwiązałeś tego quizu